Community empowerment : (Record no. 9110)

MARC details
000 -LEADER
fixed length control field 00677cam a22002172 4500
001 - CONTROL NUMBER
control field 0000019880
005 - DATE AND TIME OF LATEST TRANSACTION
control field 20151217152203.0
008 - FIXED-LENGTH DATA ELEMENTS--GENERAL INFORMATION
fixed length control field 110302s xx 000 0 eng d
020 ## - INTERNATIONAL STANDARD BOOK NUMBER
International Standard Book Number 1856493385 :
040 ## - CATALOGING SOURCE
Original cataloging agency KABU
Transcribing agency KABU
245 10 - TITLE STATEMENT
Title Community empowerment :
Remainder of title a reader in participation and development /
Statement of responsibility, etc. Gary Craig and Marjorie Mayo (editors)
250 ## - EDITION STATEMENT
Edition statement 1st ed.
260 ## - PUBLICATION, DISTRIBUTION, ETC. (IMPRINT)
Place of publication, distribution, etc. London :
Name of publisher, distributor, etc. Zed books,
Date of publication, distribution, etc. 1995.
300 ## - PHYSICAL DESCRIPTION
Extent 229 p.
650 #0 - SUBJECT ADDED ENTRY--TOPICAL TERM
Topical term or geographic name as entry element Community development.
-- 0000152865
700 1# - ADDED ENTRY--PERSONAL NAME
Personal name Craig, Gary.
-- 0000179868
700 1# - ADDED ENTRY--PERSONAL NAME
Personal name Mayo, Marjorie.
-- 0000179869
852 1# - LOCATION
-- p2653 KES
908 ## - PUT COMMAND PARAMETER (RLIN)
Put command parameter 110302
950 ## - LOCAL HOLDINGS (RLIN)
-- 1
Holdings
Withdrawn status Lost status Source of classification or shelving scheme Not for loan Home library Current library Date acquired Total Checkouts Full call number Barcode Date last seen Price effective from Koha item type
    Library of Congress Classification   Kabarak, Main Campus Kabarak, Main Campus 17/12/2015   HN49 .C6C66 1995 c.1 22275 17/12/2015 17/12/2015 General Collection
Designed with assistance from East African Informatics Ltd